Textbook of interventional cardiology (7th edition) (Record no. 32882)

MARC details
000 -LEADER
fixed length control field 00765nam a2200193 a 4500
008 - FIXED-LENGTH DATA ELEMENTS--GENERAL INFORMATION
fixed length control field 191127s2016 ||||||||||||||||| || u
020 ## - INTERNATIONAL STANDARD BOOK NUMBER
International Standard Book Number 9780323340380
050 ## - LIBRARY OF CONGRESS CALL NUMBER
Classification number RD 598 Top
100 ## - MAIN ENTRY--PERSONAL NAME
Personal name Teirstein, Paul S
245 10 - TITLE STATEMENT
Title Textbook of interventional cardiology (7th edition)
Statement of responsibility, etc. By Eric J. Topol ; Paul S. Teirstein
250 ## - EDITION STATEMENT
Edition statement 7th edition
260 ## - PUBLICATION, DISTRIBUTION, ETC.
Place of publication, distribution, etc. Philadelphia
Name of publisher, distributor, etc. Elsevier
Date of publication, distribution, etc. 2016
300 ## - PHYSICAL DESCRIPTION
Extent xvii, 1081 pages : illustrations
350 ## -
-- 130.00
650 #0 - SUBJECT ADDED ENTRY--TOPICAL TERM
Topical term or geographic name entry element CORONARY HEART DISEASE--SURGERY
650 #3 - SUBJECT ADDED ENTRY--TOPICAL TERM
Topical term or geographic name entry element CARDIOVASCULAR DISEASES--THERAPY
700 ## - ADDED ENTRY--PERSONAL NAME
Personal name Topol, Eric J
995 ## -
-- MEDICAL LIBRARY OPEN ACCESS
-- 904528
-- CBU-SCHOOL OF MEDICINE LIBRARY (Ndola)
-- 130.00
-- RD 598 Top
-- 1
-- AVAILABLE
-- Dec 13, 2019
-- 904528
-- Medical Library Open Access Collection
999 ## -
-- 32882
-- 32882
Holdings
Withdrawn status Lost status Source of classification or shelving scheme Damaged status Not for loan Permanent Location Current Location Shelving location Date acquired Total Checkouts Full call number Barcode Date last seen Price effective from Koha item type
          CBU-SCHOOL OF MEDICINE LIBRARY, NDOLA. CBU-SCHOOL OF MEDICINE LIBRARY, NDOLA.   11/30/2022   RD 598 Top 904528 11/30/2022 11/30/2022 MONOGRAPH